000 00607nam a2200181Ia 4500
008 100921s9999 xx 000 0 und d
082 _b33419
_a891.463 न 01
100 _aघाटे निरंजन.
245 _aद किलर लेडिज.
260 _bप्राजक्त,पुणे.
_c2001
300 _a252
_bशांती पब्लिकेशन,पुणे
365 _b220
520 _aललित-कथा.
630 _aद किलर लेडिज.
650 _aललित-कथा.
730 _aद किलर लेडिज.
942 _cBOOK
999 _c782532
_d782529